Double Letter Geography - Statistics

General Stats
  • This quiz has been taken 339 times
  • The average score is 14 of 20
Answer Stats
Clue Answer % Correct
SS World's largest country by area Russia
98%
EE Olympics founder nation Greece
97%
CC Holy city of the Islamic world Mecca
94%
FF Famous Parisian landmark Eiffel Tower
91%
EE Biggest island on the planet Greenland
88%
RR Microstate that borders Spain Andorra
87%
SS Capital of the European Union Brussels
85%
II Newest American state Hawaii
84%
BB Hispaniola's and Cuba's sea Caribbean
81%
EE Mountain range in the above Pyrenees
76%
PP State confused with Alabama Mississippi
75%
NN State of the twin cities Minnesota
70%
UU Largest city in the above Nuuk
61%
LL Title of the German leader Chancellor
57%
LL Colombia's second largest city Medellín
55%
DD Capital of the African Union Addis Ababa
53%
TT Alps mountain, Monte Cervino Matterhorn
41%
CC المغرب, in its official language Morocco
33%
LL Celtic nation and British county Cornwall
31%
DD Transcontinental Asian region Middle East
11%
No matching quizzes found
Score Distribution
Percent of People with Each Score
Percentile by Number Answered
Your Score History
You have not taken this quiz